Certifikát o splnení ISO normy znamená konkurenčnú výhodu Súčasné právne predpisy na Slovensku ešte celkom nevyhovujú na zavádzanie medzinárodných noriem

Systém TQM - komplexné riadenie akosti uplatňovaný vo svete a ZDM - Zero Defect Management - riadenie nulovej úrovne chýb. Podiel ISO na manažmente akosti. Aké sú ISO normy. Certifikačný proces a firmy. Čo obsahuje manažment akosti. Prečo ISO certifikát.

Salvato in:
Dettagli Bibliografici
Autore principale: Jemala, Ľubomír
Natura: Capitolo di libro
Lingua:slovacco
Soggetti:
Tags: Aggiungi Tag
Nessun Tag, puoi essere il primo ad aggiungerne!!

MARC

LEADER 00000naa a2200000 4500
001 r014389
005 20221213123340.0
041 0 |a slo 
044 |a SK 
245 1 0 |a Certifikát o splnení ISO normy znamená konkurenčnú výhodu  |b Súčasné právne predpisy na Slovensku ešte celkom nevyhovujú na zavádzanie medzinárodných noriem  |c Ľ. Jemala 
520 |a Systém TQM - komplexné riadenie akosti uplatňovaný vo svete a ZDM - Zero Defect Management - riadenie nulovej úrovne chýb. Podiel ISO na manažmente akosti. Aké sú ISO normy. Certifikačný proces a firmy. Čo obsahuje manažment akosti. Prečo ISO certifikát. 
610 2 0 |a riadenie kvality 
610 2 0 |a kvalita 
610 2 0 |a normy 
610 2 0 |a ISO 9000 
610 2 0 |a certifikácia 
610 2 0 |a Slovensko 
100 1 |a Jemala, Ľubomír